Online
Catalog

Obras completas / (Record no. 14867)

MARC details
000 -CABECERA
campo de control de longitud fija 01113cam a2200277 a 4500
001 - NÚMERO DE CONTROL
campo de control 000015301
005 - FECHA Y HORA DE LA ÚLTIMA TRANSACCIÓN
campo de control 20200929164015.0
008 - DATOS DE LONGITUD FIJA--INFORMACIÓN GENERAL
campo de control de longitud fija 100204s1995 sp 000 f spa d
020 ## - NÚMERO INTERNACIONAL ESTÁNDAR DEL LIBRO
Número Internacional Estándar del Libro 8475064256
040 ## - FUENTE DE LA CATALOGACIÓN
Centro catalogador/agencia de origen DO-SdBNP
Lengua de catalogación spa
Centro/agencia transcriptor BNPHU
082 ## - NÚMERO DE LA CLASIFICACIÓN DECIMAL DEWEY
Número de clasificación 863.5
Número de documento/Ítem A323ó
049 ## - FONDOS LOCALES (OCLC)
Fondos de biblioteca BNGR
100 1# - ENTRADA PRINCIPAL--NOMBRE DE PERSONA
Nombre de persona Alas Clarín, Leopoldo,
Fechas asociadas al nombre 1852-1901.
Forma completa/desarrollada del nombre Leopoldo García-Alas y Ureña
9 (RLIN) 34601
245 10 - MENCIÓN DE TÍTULO
Título Obras completas /
Mención de responsabilidad, etc. Leopoldo Alas Clarín ; edición y prólogo de Santos Sanz Villanueva ; editor Manuel Arroyo Stephens.
260 ## - PUBLICACIÓN, DISTRIBUCIÓN, ETC.
Lugar de publicación, distribución, etc. Madrid :
Nombre del editor, distribuidor, etc. Biblioteca Castro,
Fecha de publicación, distribución, etc. 1995.
300 ## - DESCRIPCIÓN FÍSICA
Extensión v. ;
Dimensiones 23 cm.
500 ## - NOTA GENERAL
Nota general La biblioteca posee los volúmenes 1 y 2.
505 0# - NOTA DE CONTENIDO CON FORMATO
Información miscelánea Vol. 1.
Título La regenta --
505 0# - NOTA DE CONTENIDO CON FORMATO
Información miscelánea Vol. 2.
Título Obras completas, II. Pipá. Doña Berta. Cuervo. Superchería. El señor y los demás, son cuentos. Cuentos morales. El gallo de Sócrates.
650 #4 - PUNTO DE ACCESO ADICIONAL DE MATERIA--TÉRMINO DE MATERIA
Término de materia o nombre geográfico como elemento de entrada Novela española
9 (RLIN) 1123
650 #4 - PUNTO DE ACCESO ADICIONAL DE MATERIA--TÉRMINO DE MATERIA
Término de materia o nombre geográfico como elemento de entrada Literatura española
9 (RLIN) 632
650 #4 - PUNTO DE ACCESO ADICIONAL DE MATERIA--TÉRMINO DE MATERIA
Término de materia o nombre geográfico como elemento de entrada Adulterio
9 (RLIN) 1269
700 1# - PUNTO DE ACCESO ADICIONAL--NOMBRE DE PERSONA
Nombre de persona Sanz Villanueva, Santos,
Término indicativo de función/relación ed.
-- pról.
9 (RLIN) 24455
700 1# - PUNTO DE ACCESO ADICIONAL--NOMBRE DE PERSONA
Nombre de persona Arroyo Stephens, Manuel,
Término indicativo de función/relación ed.
9 (RLIN) 34595
910 ## - DATOS DE OPCIÓN DEL USUARIO (OCLC)
Datos de opción del usuario catalogación derivada.
Holdings
Estado de retiro Estado de pérdida Restricciones de uso No para préstamo Código de colección Localización permanente Ubicación/localización actual Ubicación en estantería Fecha de adquisición Número de inventario Total de préstamos Signatura topográfica completa Código de barras Fecha visto por última vez Precio válido a partir de Tipo de ítem Koha
      Excluido de préstamo Monografías: Libros y Folletos General General En catalogación 04.02.2010 LF1   v. 2 15301-10 25.06.2020 25.06.2020 No se presta
      Excluido de préstamo Monografías: Libros y Folletos General General En catalogación 04.02.2010 LF1   v. 1 15301-20 25.06.2020 25.06.2020 No se presta

Powered by Koha